| 000 | 01837cam a2200361 a 4500 | ||
|---|---|---|---|
| 001 | 15791316 | ||
| 003 | USPCAS-E | ||
| 005 | 20180118181419.0 | ||
| 008 | 090625s2010 enka b 001 0 eng | ||
| 010 | _a 2009025407 | ||
| 015 |
_aGBA990973 _2bnb |
||
| 016 | 7 |
_a015371258 _2Uk |
|
| 020 | _a9780470699942 (cloth) | ||
| 020 | _a0470699949 (cloth) | ||
| 035 | _a(OCoLC)ocn417444167 | ||
| 040 |
_aDLC _cDLC _dBWKUK _dBWK _dUKM _dYDXCP _dCDX _dOKU _dBWX _dBTCTA _dDLC |
||
| 050 | 0 | 0 |
_aTA418.54 _b.L37 2010 |
| 082 | 0 | 0 |
_a620.11296 _222 _bLAP-T 2010 |
| 100 | 1 | _aLappa, Marcello. | |
| 245 | 1 | 0 |
_aThermal convection : _bpatterns, evolution and stability/ _cMarcello Lappa. |
| 260 |
_aChichester, UK : _bWiley, _c2010. |
||
| 300 |
_axx, 670 p. : _bill. ; _c26 cm. |
||
| 502 | _a. | ||
| 504 | _aIncludes bibliographical references and index. | ||
| 505 | 0 | _aEquations, general concepts, and methods of analysis -- Classical models, characteristic numbers, and scaling arguments -- Examples of thermal fluid convection and pattern formation in nature and technology -- Thermogravitational convection : the Rayleigh-Bénard problem -- The dynamics of thermal plumes and related regimes of motion -- Systems heating from the side : the Hadley flow -- Thermogravitational convection in inclined systems -- Thermovibrational convection -- Marangoni-Bénard convection -- Thermocapillary convection -- Mixed buoyancy-Marangoni convection -- Hybrid regimes with vibrations -- Flow control by magnetic fields. | |
| 650 | 0 | _aThermal conductivity. | |
| 650 | 0 | _aDensity currents. | |
| 650 | 0 | _aViscous flow. | |
| 650 | 0 | _aFluid dynamics. | |
| 906 |
_a7 _bcbc _corignew _d1 _eecip _f20 _gy-gencatlg |
||
| 942 |
_2ddc _cBK |
||
| 999 |
_c355968 _d355968 |
||